<?xml version="1.0" encoding="UTF-8"?>
<record
    xmlns:xsi="http://www.w3.org/2001/XMLSchema-instance"
    xsi:schemaLocation="http://www.loc.gov/MARC21/slim http://www.loc.gov/standards/marcxml/schema/MARC21slim.xsd"
    xmlns="http://www.loc.gov/MARC21/slim">

  <leader>00848nam a2200265 i 4500</leader>
  <controlfield tag="001">C2-0274314</controlfield>
  <controlfield tag="003">PPAK</controlfield>
  <controlfield tag="005">20180728003410.0</controlfield>
  <controlfield tag="008">060921s2002    my a|||| |||||  |   may d</controlfield>
  <datafield tag="040" ind1=" " ind2=" ">
    <subfield code="a">PPAK</subfield>
    <subfield code="b">eng</subfield>
    <subfield code="c">PPAK</subfield>
    <subfield code="e">rda</subfield>
  </datafield>
  <datafield tag="082" ind1="0" ind2="4">
    <subfield code="a">153.43</subfield>
    <subfield code="2">23</subfield>
  </datafield>
  <datafield tag="090" ind1="0" ind2="0">
    <subfield code="a">153.43</subfield>
    <subfield code="b">SAR</subfield>
    <subfield code="d">KAA</subfield>
  </datafield>
  <datafield tag="090" ind1="0" ind2="0">
    <subfield code="a">153.43</subfield>
    <subfield code="b">SAR</subfield>
    <subfield code="d">KAR</subfield>
  </datafield>
  <datafield tag="090" ind1="0" ind2="0">
    <subfield code="a">153.43</subfield>
    <subfield code="b">SAR</subfield>
    <subfield code="d">KSS</subfield>
  </datafield>
  <datafield tag="100" ind1="0" ind2=" ">
    <subfield code="a">Saroja Theavy Balakrishnan, </subfield>
    <subfield code="e">author</subfield>
  </datafield>
  <datafield tag="245" ind1="1" ind2="0">
    <subfield code="a">Proses Kreatif Penulis Bukan Melayu </subfield>
    <subfield code="b">'pengarang Kedah dalam gelombang globalisasi'</subfield>
  </datafield>
  <datafield tag="264" ind1=" " ind2="1">
    <subfield code="a">Kedah : </subfield>
    <subfield code="b">Angkatan Sasterawan Nasional Kedah (ASASI) , </subfield>
    <subfield code="c">2002</subfield>
  </datafield>
  <datafield tag="300" ind1=" " ind2=" ">
    <subfield code="a">5 pages : </subfield>
    <subfield code="b">illustrations ; </subfield>
    <subfield code="c">30 cm</subfield>
  </datafield>
  <datafield tag="336" ind1=" " ind2=" ">
    <subfield code="2">rdacontent</subfield>
    <subfield code="a">text</subfield>
  </datafield>
  <datafield tag="337" ind1=" " ind2=" ">
    <subfield code="2">rdamedia</subfield>
    <subfield code="a">unmediated</subfield>
  </datafield>
  <datafield tag="338" ind1=" " ind2=" ">
    <subfield code="2">rdacarrier</subfield>
    <subfield code="a">volume</subfield>
  </datafield>
  <datafield tag="500" ind1=" " ind2=" ">
    <subfield code="a">kertas kerja sempena Hari Sastera Kedah 2002</subfield>
  </datafield>
  <datafield tag="650" ind1="1" ind2="0">
    <subfield code="a">Thought and thinking</subfield>
  </datafield>
  <datafield tag="942" ind1=" " ind2=" ">
    <subfield code="d">dc</subfield>
    <subfield code="c">B</subfield>
  </datafield>
  <datafield tag="999" ind1=" " ind2=" ">
    <subfield code="c">82108</subfield>
    <subfield code="d">82108</subfield>
  </datafield>
  <datafield tag="952" ind1=" " ind2=" ">
    <subfield code="0">0</subfield>
    <subfield code="7">1</subfield>
    <subfield code="b">BL</subfield>
    <subfield code="c">KAR</subfield>
    <subfield code="d">2006-09-21</subfield>
    <subfield code="o">KAR 153.43 SAR</subfield>
    <subfield code="p">A00500642</subfield>
    <subfield code="r">2018-05-09 00:00:00</subfield>
    <subfield code="y">WP</subfield>
  </datafield>
  <datafield tag="952" ind1=" " ind2=" ">
    <subfield code="0">0</subfield>
    <subfield code="7">1</subfield>
    <subfield code="b">KM</subfield>
    <subfield code="c">KAA</subfield>
    <subfield code="d">2007-01-31</subfield>
    <subfield code="o">KAA 153.43 SAR</subfield>
    <subfield code="p">A00380083</subfield>
    <subfield code="r">2018-05-09 00:00:00</subfield>
    <subfield code="y">WP</subfield>
  </datafield>
  <datafield tag="952" ind1=" " ind2=" ">
    <subfield code="0">0</subfield>
    <subfield code="7">1</subfield>
    <subfield code="b">PPAK</subfield>
    <subfield code="c">KSS</subfield>
    <subfield code="d">2007-08-29</subfield>
    <subfield code="o">KSS 153.43 SAR</subfield>
    <subfield code="p">A00507128</subfield>
    <subfield code="r">2018-05-09 00:00:00</subfield>
    <subfield code="y">B</subfield>
  </datafield>
  <datafield tag="952" ind1=" " ind2=" ">
    <subfield code="0">0</subfield>
    <subfield code="7">1</subfield>
    <subfield code="b">PPAK</subfield>
    <subfield code="c">KSS</subfield>
    <subfield code="d">2007-08-29</subfield>
    <subfield code="o">KSS 153.43 SAR</subfield>
    <subfield code="p">A00507152</subfield>
    <subfield code="r">2018-05-09 00:00:00</subfield>
    <subfield code="y">WP</subfield>
  </datafield>
  <datafield tag="952" ind1=" " ind2=" ">
    <subfield code="0">0</subfield>
    <subfield code="7">1</subfield>
    <subfield code="b">PPAK</subfield>
    <subfield code="c">KSS</subfield>
    <subfield code="d">2007-08-29</subfield>
    <subfield code="o">KSS 153.43 SAR</subfield>
    <subfield code="p">A00507111</subfield>
    <subfield code="r">2018-05-09 00:00:00</subfield>
    <subfield code="y">WP</subfield>
  </datafield>
  <datafield tag="952" ind1=" " ind2=" ">
    <subfield code="0">0</subfield>
    <subfield code="7">1</subfield>
    <subfield code="b">PPAK</subfield>
    <subfield code="c">KSS</subfield>
    <subfield code="d">2007-08-29</subfield>
    <subfield code="o">KSS 153.43 SAR</subfield>
    <subfield code="p">A00507110</subfield>
    <subfield code="r">2018-05-09 00:00:00</subfield>
    <subfield code="y">WP</subfield>
  </datafield>
  <datafield tag="952" ind1=" " ind2=" ">
    <subfield code="0">0</subfield>
    <subfield code="7">1</subfield>
    <subfield code="b">PPAK</subfield>
    <subfield code="c">KSS</subfield>
    <subfield code="d">2007-08-29</subfield>
    <subfield code="o">KSS 153.43 SAR</subfield>
    <subfield code="p">A00507109</subfield>
    <subfield code="r">2018-05-09 00:00:00</subfield>
    <subfield code="y">WP</subfield>
  </datafield>
  <datafield tag="952" ind1=" " ind2=" ">
    <subfield code="0">0</subfield>
    <subfield code="7">1</subfield>
    <subfield code="b">PPAK</subfield>
    <subfield code="c">KSS</subfield>
    <subfield code="d">2007-08-29</subfield>
    <subfield code="o">KSS 153.43 SAR</subfield>
    <subfield code="p">A00507108</subfield>
    <subfield code="r">2018-05-09 00:00:00</subfield>
    <subfield code="y">WP</subfield>
  </datafield>
  <datafield tag="952" ind1=" " ind2=" ">
    <subfield code="0">0</subfield>
    <subfield code="7">1</subfield>
    <subfield code="b">PPAK</subfield>
    <subfield code="c">KSS</subfield>
    <subfield code="d">2007-08-29</subfield>
    <subfield code="o">KSS 153.43 SAR</subfield>
    <subfield code="p">A00507086</subfield>
    <subfield code="r">2018-05-09 00:00:00</subfield>
    <subfield code="y">WP</subfield>
  </datafield>
</record>
